01265nam a22003137a 4500003000400000005001700004008004100021040002200062082001800084100002500102245003000127260006000157300002100217366000800238490003200246505001200278505007800290505005600368505013800424505001200562650005500574650004700629650004800676650004300724650004500767650005600812650004700868700003600915OSt20230622091734.0221006b |||||||| |||| 00| 0 eng d cBiblioteca Lado V a709.05bG851a aGriffin, Timeeditor aArtforum/bInternacional/ aNew Yorkc2009bNew York editorial and business offices c26.5x27cma328p. eeng aSeptiembrev2009x0864-1315 tLETTERS tCOLUMNSaEDITOR'S LETTER CRITICAL MOMENTS PASSAGES FILM SOUND TOP TEN tPREVIEWSaFALL 2009 EXHIBITIONS INTERNATIONAL NEWS tFEATURESaVENICE 2009 THE PICTURES GENERATION SHERRIE LEVINE: PORTFOLIO 1000 WORDS: MATIAS FALDBAKKEN OPENINGS: FLORIAN PUMHOSL  tREVIEWS 2Tesauro de Arte & ArquitecturaaARTE COMTEMPORANEO 2Tesauro de Arte & ArquitecturaaFOTOGRAFIA 2Tesauro de Arte & ArquitecturaaARTE VISUAL 2Tesauro de Arte & ArquitecturaaLIBROS 2Tesauro de Arte & ArquitecturaaNOTICIAS 2 Tesauro de Arte & ArquitecturaaARTE INTERNACIONAL 2 Tesauro de Arte & ArquitecturaaESCULTURA aNavarreta, Jose Antonioeeditor